Libros, tapices y cuadros que coleccionó Isabel la Católica
Saved in:
| Hovedforfatter: | |
|---|---|
| Format: | Bog |
| Sprog: | spansk |
| Udgivet: |
Madrid
Consejo superior de investigaciones científicas
1950
|
| Fag: | |
| Tags: |
Tilføj Tag
Ingen Tags, Vær først til at tagge denne postø!
|
MARC
| LEADER | 00000nam a2200000 a 4500 | ||
|---|---|---|---|
| 001 | UCZ7874 | ||
| 003 | CL-VaPUC | ||
| 008 | 960112e19500000SP |||||||||||||||||spa|d | ||
| 082 | 0 | 4 | |a 708.6 |b SAN |2 21 |
| 100 | 0 | |a Sánchez Cantón, Francisco Javier |e author |9 352878 | |
| 245 | 1 | 0 | |a Libros, tapices y cuadros que coleccionó Isabel la Católica |
| 300 | |a 209 p | ||
| 942 | |c BK | ||
| 945 | |d 19960112 00:00:00 |a mcarcey | ||
| 260 | |a Madrid |b Consejo superior de investigaciones científicas |c 1950 | ||
| 600 | 0 | 7 | |a ISABEL LA CATOLICA |2 CL-VaPUC |9 255280 |
| 650 | 0 | |a Pintura española |9 315217 | |
| 650 | 0 | |a Libros |9 334511 | |
| 650 | 0 | |a Alfombras |9 352879 | |
| 650 | 0 | |a Historia |9 255047 | |
| 651 | 0 | |a España |9 254926 | |
| 583 | |a last modification |c 19960112 00:00:00 |k Rodrigo Vera | ||
| 999 | |c 243866 |d 243864 | ||